|
|
|
|
| LEADER |
01158cam a2200301 7i4500 |
| 001 |
0000038290 |
| 005 |
20200603090000.0 |
| 020 |
|
|
|a 141603143x (hbk. ; vol. 2)
|
| 020 |
|
|
|a 9996062643 (hbk. ; vol. 1)
|
| 020 |
|
|
|a 9781416031437 (hbk. ; set)
|
| 090 |
0 |
0 |
|a RD97
|b .D54 2010
|
| 245 |
0 |
0 |
|a DeLee & Drez's orthopaedic sports medicine :
|b principles and practice
|c edited by Jesse C. DeLee, David Drez, Jr., Mark D. Miller.
|
| 250 |
|
|
|a 3rd ed.
|
| 260 |
|
|
|a Philadelphia:
|b Saunders/Elsevier,
|c 2010.
|
| 300 |
|
|
|a 2 v.:
|b col. ill.;
|c 29 cm.
|
| 650 |
0 |
0 |
|a Orthopedic emergencies
|
| 650 |
0 |
0 |
|a Sports injuries
|
| 650 |
0 |
0 |
|a Sports medicine
|
| 700 |
1 |
|
|a DeLee, Jesse C.
|
| 700 |
1 |
|
|a Drez, David
|
| 700 |
1 |
|
|a Miller, Mark D.
|
| 997 |
|
|
|a Health Sciences, Faculty
|
| 999 |
|
|
|a 0000048564
|b BOK
|c OPEN SHELF
|e 1st Floor, Shah Alam
|
| 999 |
|
|
|a 0000048565
|b BOK
|c OPEN SHELF
|e 1st Floor, Shah Alam
|
| 999 |
|
|
|a 0000048566
|b BOK
|c OPEN SHELF
|e 1st Floor, Shah Alam
|
| 999 |
|
|
|a 0000049902
|b BOK
|c OPEN SHELF
|e 1st Floor, Shah Alam
|
| 999 |
|
|
|a 0000049903
|b BOK
|c OPEN SHELF
|e 1st Floor, Shah Alam
|
| 999 |
|
|
|a 0000049904
|b BOK
|c OPEN SHELF
|e 1st Floor, Shah Alam
|